Beyond Illusion & doubt: A vedic perspective on western philosophy (Record no. 526837)

000 -LEADER
fixed length control field 00352nam a22000977a 4500
082 ## - DEWEY DECIMAL CLASSIFICATION NUMBER
Classification number SNT AB45 P881b
100 ## - MAIN ENTRY--PERSONAL NAME
Personal name A.C. Bhaktivedanta Swami Prabhupada
9 (RLIN) 46398
245 ## - TITLE STATEMENT
Title Beyond Illusion & doubt: A vedic perspective on western philosophy
Remainder of title by A.C. Bhaktivedanta Swami Prabhupada
260 ## - PUBLICATION, DISTRIBUTION, ETC. (IMPRINT)
Place of publication, distribution, etc Mumbai
Name of publisher, distributor, etc Bhaktivedanta book trust
Date of publication, distribution, etc 2002
300 ## - PHYSICAL DESCRIPTION
Extent 260p
Holdings
Withdrawn status Lost status Source of classification or shelving scheme Damaged status Koha normalized classification for sorting Not for loan Permanent location Current location Date acquired Full call number Barcode Date last seen Price effective from Koha item type
        SNT_AB45_P881B   Indian Institute of Public Administration Indian Institute of Public Administration 2024-06-27 SNT AB45 P881b GR24937 2024-06-27 2024-06-27 GR

Powered by Koha